Statistiques concernant Chanteurs et groupes par lettre - F

Cliquez ici pour prendre le quiz!

Statistiques générales

  • Ce quiz a été pris 316 fois
  • Le résultat moyen est 9 sur 18

Statistiques - réponses

Période d’activitéPaysChansonGroupe ou artiste% Correct
2006 - 2010
2014-2015
2020-
Fous ta cagoule | Parle à ma mainFatal Bazooka
86%
1963 - 1997Il jouait du piano debout | Ella, elle l’aFrance Gall
86%
1974 -Je l’aime à mourir | Je t’aimais, je t’aime, je t’aimeraiFrancis Cabrel
85%
1987 -Savoir aimer | Ma liberté de penserFlorent Pagny
82%
1975 -Fruit de la passion | Tu veux mon ziziFrancky Vincent
80%
2011 -2017Le chant des sirènes | Sweet DarlingFréro Delavega
70%
2003 -In da Club | Candy Shop50 Cent
65%
2008 -My House | WhistleFlo Rida
49%
1939 - 1998Fly Me to the Moon | Come Fly With MeFrank Sinatra
44%
1962 - 2021Le temps de l’amour | Comment te dire adieuFrançoise Hardy
35%
1994 - 2006 Killing Me Softly | Ready or NotFugees
34%
2015 - 2018Worth It | Work From HomeFifth Harmony
32%
2010 - 2015
2020 -
BLIZZARD | INFIRMIEREFauve
29%
2004 -Take Me Out | The Dark of the MatinéeFranz Ferdinand
23%
1995 -Everlong | The PretenderFoo Fighters
18%
2007 -Pink + White | ChanelFrank Ocean
15%
1996 -Praise You | Right Here, Right NowFatboy Slim
12%
1968 -Dreams | Go Your Own WayFleetwood Mac
11%

Distribution des résultats

Percentile par nombre de réponses

% des personnes avec chaque résultat

Votre développement - résultats

Vous n’avez pas pris ce quiz